01048cam a22002651 4500001001300000003000400013005001700017008004100034010001700075035001900092040004900111042001200160043001200172050002400184100002900208245010300237260004800340300007400388490005500462500008900517504003000606650004700636650004800683830005100731gs 65000274 DLC20260227111417.0780811s1965 dcuab b f000 0 eng c ags 65000274  a(OCoLC)4130693 aU.S. Geol. Survey. Library.cCLSdOCoLCdDLC apremarc an-us-nv00aTC801b.U2 no. 17951 aCohen, Philip M.,d1931-10aWater resources of the Humboldt River Valley near Winnemucca, Nevada,cby Philip Cohen and others. aWashington,bU.S. Govt. Print. Off.,c1965. aix, 143 p.billus., mapaand portfolio (7 fold. maps, 3 col.)c24 cm.1 aGeological Survey (U.S.). Water-supply paperv1795 aPrepared in cooperation with the Nevada Dept. of Conservation and Natural Resources. aBibliography: p. 137-139. 0aGroundwaterzNevadazHumboldt River Valley 0aWater-supplyzNevadazHumboldt River Valley 0aWater-supply paper (Washington, D.C.) ;v1795.